Climate change (Record no. 788874)

MARC details
000 -LEADER
fixed length control field 01273nam a22002537a 4500
003 - CONTROL NUMBER IDENTIFIER
control field 3228
005 - DATE AND TIME OF LATEST TRANSACTION
control field 20251110141903.0
008 - FIXED-LENGTH DATA ELEMENTS--GENERAL INFORMATION
fixed length control field 251110b sa ||||| |||| 00| 0 eng d
020 ## - INTERNATIONAL STANDARD BOOK NUMBER
International Standard Book Number 9789352762057
Qualifying information paperback
040 ## - CATALOGING SOURCE
Original cataloging agency mpl
Transcribing agency 3228
Description conventions Resource Description and Access
041 ## - LANGUAGE CODE
Language code of text/sound track or separate title English
082 #0 - DEWEY DECIMAL CLASSIFICATION NUMBER
Classification number 363.73874 VOHR
100 ## - MAIN ENTRY--PERSONAL NAME
9 (RLIN) 197648
Personal name Vohra, Indrani
245 ## - TITLE STATEMENT
Title Climate change
Statement of responsibility, etc. Vohra, Indrani
250 ## - EDITION STATEMENT
Edition statement 1st ed.
260 ## - PUBLICATION, DISTRIBUTION, ETC.
Place of publication, distribution, etc. New Delhi:
Name of publisher, distributor, etc. OM Books International,
Date of publication, distribution, etc. 2023.
300 ## - PHYSICAL DESCRIPTION
Extent (unpaged):
Other physical details Colour illustration;
Dimensions 30 cm
490 ## - SERIES STATEMENT
Series statement Go green
Volume/sequential designation 1 v.
500 ## - GENERAL NOTE
General note The "Go Green" series on Climate Change is an informative and engaging resource for young readers, exploring the science behind climate change and its far-reaching consequences. With accessible language and practical solutions, it encourages readers to take action and make a positive impact on the environment.
520 ## - SUMMARY, ETC.
Summary, etc. The "Go Green" series on Climate Change explains what climate change is, its causes, and its impact on the planet. It explores solutions and actions readers can take to reduce their carbon footprint and mitigate its effects, aiming to empower young readers to make a difference.
521 ## - TARGET AUDIENCE NOTE
Target audience note Ages: 9 -12
700 ## - ADDED ENTRY--PERSONAL NAME
9 (RLIN) 197648
Personal name Vohra, Indrani
Relator term author
942 ## - ADDED ENTRY ELEMENTS
Source of classification or shelving scheme Dewey Decimal Classification
item type Book
-- 6786
-- Chimezie Obi
-- 6786
-- Chimezie Obi
Holdings
Withdrawn status Lost status Source of classification or shelving scheme Damaged status Not for loan Collection code Home library Current library Shelving location Date acquired Cost, normal purchase price Full call number Barcode Date last seen Price effective from item type Coded location qualifier Total Checkouts
    Dewey Decimal Classification     300: Social Science MBOMBELA REGIONAL LIBRARY Hazyview General Stacks 10.11.2025 140.00 363.73874 VOHR 3228200043633 10.11.2025 10.11.2025 Book    
    Dewey Decimal Classification     300: Social Science MBOMBELA REGIONAL LIBRARY Hazyview General Stacks 10.11.2025 140.00 363.73874 VOHR 3228200043629 10.11.2025 10.11.2025 Book 3322803112  
    Dewey Decimal Classification     300: Social Science MBOMBELA REGIONAL LIBRARY Hazyview General Stacks 10.11.2025 140.00 363.73874 VOHR 3228200043630 10.11.2025 10.11.2025 Book    
    Dewey Decimal Classification     300: Social Science MBOMBELA REGIONAL LIBRARY Kabokweni General Stacks 14.11.2025 140.00 363.73874 VOHR 3228200051800 14.11.2025 14.11.2025 Book    
    Dewey Decimal Classification     500: Science Standerton Regional Library Lebohang Children's Area 19.06.2026   J 551.6 CLIM 3322803187593 19.06.2026 19.06.2026 Book